Managerial economics: theory and applications (Record no. 122257)
[ view plain ]
| 000 -LEADER | |
|---|---|
| fixed length control field | 00546nam a2200217Ia 4500 |
| 003 - CONTROL NUMBER IDENTIFIER | |
| control field | OSt |
| 005 - DATE AND TIME OF LATEST TRANSACTION | |
| control field | 20230710155041.0 |
| 008 - FIXED-LENGTH DATA ELEMENTS--GENERAL INFORMATION | |
| fixed length control field | 210210b2017 xxu||||| |||| 00| 0 eng d |
| 020 ## - INTERNATIONAL STANDARD BOOK NUMBER | |
| International Standard Book Number | 9789352623303 |
| 040 ## - CATALOGING SOURCE | |
| Transcribing agency | AL |
| 041 ## - LANGUAGE CODE | |
| Language code of text/sound track or separate title | eng |
| 082 ## - DEWEY DECIMAL CLASSIFICATION NUMBER | |
| Classification number | 658.001 MITM |
| 100 ## - MAIN ENTRY--PERSONAL NAME | |
| Personal name | MITHANI (D M) |
| 9 (RLIN) | 126326 |
| 245 ## - TITLE STATEMENT | |
| Title | Managerial economics: theory and applications |
| 250 ## - EDITION STATEMENT | |
| Edition statement | 8 Rev |
| 260 ## - PUBLICATION, DISTRIBUTION, ETC. | |
| Place of publication, distribution, etc. | Mumbai |
| Name of publisher, distributor, etc. | Himalaya Publishing House |
| Date of publication, distribution, etc. | 2017 |
| 300 ## - PHYSICAL DESCRIPTION | |
| Extent | xviii,757 |
| 690 ## - LOCAL SUBJECT ADDED ENTRY--TOPICAL TERM (OCLC, RLIN) | |
| Topical term or geographic name as entry element | Business Economics |
| 9 (RLIN) | 126327 |
| 906 ## - LOCAL DATA ELEMENT F, LDF (RLIN) | |
| a | 072132 |
| 942 ## - ADDED ENTRY ELEMENTS (KOHA) | |
| Source of classification or shelving scheme | Dewey Decimal Classification |
| Koha item type | Book |
| Withdrawn status | Lost status | Source of classification or shelving scheme | Damaged status | Not for loan | Collection code | Home library | Current library | Date acquired | Source of acquisition | Cost, normal purchase price | Total Checkouts | Full call number | Barcode | Date last seen | Price effective from | Koha item type | Shelving location | Date last checked out |
|---|---|---|---|---|---|---|---|---|---|---|---|---|---|---|---|---|---|---|
| Dewey Decimal Classification | Reference Book | Commerce | St Aloysius Library | St Aloysius Library | 02/17/2021 | Biblios Book Point, Surathkal-575014 | 625.00 | 658.001 MITM | 072133 | 02/17/2021 | 02/17/2021 | Book | ||||||
| St Aloysius Library | St Aloysius Library | 02/17/2021 | Biblios Book Point, Surathkal-575014 | 625.00 | 658.001 MITM | 072132 | 02/17/2021 | 02/17/2021 | Book | |||||||||
| St Aloysius Library | St Aloysius Library | 02/17/2021 | Biblios Book Point, Surathkal-575014 | 625.00 | 658.001 MITM | 072338 | 02/17/2021 | 02/17/2021 | Book | |||||||||
| St Aloysius Library | St Aloysius Library | 02/17/2021 | Biblios Book Point, Surathkal-575014 | 625.00 | 1 | 658.001 MITM | 072337 | 03/23/2022 | 02/17/2021 | Book | 01/07/2022 |